000 00234nam a2200097Ia 4500
008 240331s9999 xx 000 0 und d
082 _bFOR
100 _aForth, M.K
245 0 _aMarxiya moola noolkalukku vasagar valikaddikal
942 _cL
999 _c3598
_d3598